000
00326nam a2200133Ia 4500
999
_c
6086
_d
6086
003
OSt
008
201107b ||||| |||| 00| 0 eng d
020
_a
9780070634176.
100
_a
WHITTEN,Jeffrey L.
245
_a
Systems Analysis and Design Methods
260
_a
N. delhi
_b
TMH
_c
2012
300
_a
747
942
_2
ddc
_c
BK
_0
8